Normal view
MARC view
Entry Personal Name
001 - CONTROL NUMBER
- control field: 459
003 - CONTROL NUMBER IDENTIFIER
- control field: csc
005 - DATE AND TIME OF LATEST TRANSACTION
- control field: 20140507162050.0
008 - FIXED-LENGTH DATA ELEMENTS
- fixed length control field: 110914|||a|||||| | ||| d
040 ## - CATALOGING SOURCE
- Original cataloging agency: csc
- Transcribing agency: csc
100 ## - HEADING--PERSONAL NAME
- Personal name: Stewart, Ian,
- Dates associated with a name: 1945-
- Title of a work: Problems of mathematics.
670 ## - SOURCE DATA FOUND
- Source citation: Work cat.: (csc)0: Stewart, Ian, 1945- 781, From here to infinity /, 1996.